|
|
|
|
| LEADER |
00905nam a22002417a 4500 |
| 001 |
41403 |
| 003 |
BD-DhAAL |
| 008 |
230801r19921991enka || 000 h|eng d |
| 020 |
|
|
|a 1850152608
|
| 020 |
|
|
|a 9781850152606
|
| 040 |
|
|
|a BD-DhAAL
|c BD-DhAAL
|
| 082 |
|
|
|a 828.02
|
| 245 |
|
|
|a A Feast of after dinner jokes /
|c cartoons by Bill Stott.
|
| 260 |
|
|
|a Watford :
|b Exley,
|c 1991 [third, fourth and fifth printings 1992].
|
| 300 |
|
|
|a 56 pages ;
|c 16 cm.
|
| 541 |
|
|
|a Donated By Akbar Ali Khan
|e 41403
|
| 650 |
|
|
|a English wit and humor, Pictorial.
|9 55245
|
| 650 |
|
|
|a Public speaking.
|
| 700 |
|
|
|a Stott, Bill,
|d 1944-
|9 55246
|
| 852 |
|
|
|a Ayesha Abed Library
|c Akbar Ali Khan Collection
|
| 942 |
|
|
|2 ddc
|c BK
|
| 999 |
|
|
|c 46050
|d 46050
|
| 952 |
|
|
|0 0
|1 0
|2 ddc
|4 0
|6 828_020000000000000_FEA
|7 1
|9 74149
|a BRACUL
|b BRACUL
|c AAKC
|d 2023-08-01
|e Donated By Akbar Ali Khan
|l 0
|o 828.02 FEA
|p 3010041403
|r 2023-08-01
|t 1
|w 2023-08-01
|y BK
|